00677cam a2200217 a 4500001000800000005001700008008004100025020001500066020002200081040001800103082001800121245010500139250000900244260008300253300001600336650002100352650001300373700002600386700002200412700002500434294310120231120013235.0901211s1991 enkaf b 001 0 eng  a0044456662 a0044456670 (pbk.) aDLCcDLCdDLC00a305.42/0122000aOff-centre :bfeminism and cultural studies /cedited by Sarah Franklin, Celia Lury & Jackie Stacey. a12th aHammersmith, London, UK ;aNew York, NY, USA :bHarperCollins Academic,c1991. a1 - 334 p.  0aFeminist theory. 0aCulture.1 aFranklin, Sarah.eedt1 aLury, Celia.eedt1 aStacey, Jackie.eedt